[Event "Campeonato del mundo sub-18"]
[Site "Kemer TUR"]
[Date "2009.11.19"]
[Round "8.27"]
[White "Poetsch, Hagen"]
[Black "Pradeep Kumar, Raghu"]
[Result "1-0"]
[WhiteElo "2361"]
[BlackElo "2202"]
[PlyCount "103"]
[EventDate "2009.11.11"]
[EventType "swiss"]
[EventRounds "11"]
[EventCountry "ESP"]
[Source "lmi"]
[SourceDate "2009.11.11"]

1. d4 Nf6 2. c4 g6 3. Nc3 Bg7 4. e4 d6 5. f4 O-O 6. Nf3 c5 7. d5 b5 8. cxb5 a6
9. a4 axb5 10. Bxb5 Ba6 11. Bd2 e6 12. dxe6 fxe6 13. e5 dxe5 14. Nxe5 Bxb5 15.
axb5 Rxa1 16. Qxa1 Nfd7 17. Nf3 e5 18. Qa2+ Kh8 19. Ng5 Qe7 20. Qe6 Bf6 21. Nd5
Qxe6 22. Nxe6 Rf7 23. Bc3 Kg8 24. O-O exf4 25. Nxf6+ Nxf6 26. Rxf4 Nfd7 27. Re4
Rf5 28. g4 Rd5 29. Kg2 c4 30. Nf4 Rxb5 31. Re7 Nc5 32. Rg7+ Kf8 33. Rxh7 g5 34.
Ng6+ Ke8 35. Re7+ Kd8 36. Re5 Nbd7 37. Rxg5 Rb3 38. Ne5 Nxe5 39. Rxe5 Nd3 40.
Re3 Kd7 41. Bd4 Rb5 42. h4 Nxb2 43. h5 Nd3 44. Kg3 Rb1 45. Re2 Rb3 46. Re3 Rb1
47. h6 Rg1+ 48. Kh2 Rxg4 49. h7 Rh4+ 50. Rh3 Rxh3+ 51. Kxh3 Nf4+ 52. Kg4 1-0

[Event "Campeonato del mundo sub-18"]
[Site "Kemer TUR"]
[Date "2009.11.19"]
[Round "8.28"]
[White "Inonu, Munci MuhsÝn"]
[Black "Kanakaris, Georgios"]
[Result "0-1"]
[WhiteElo "2002"]
[BlackElo "2312"]
[PlyCount "68"]
[EventDate "2009.11.11"]
[EventType "swiss"]
[EventRounds "11"]
[EventCountry "ESP"]
[Source "lmi"]
[SourceDate "2009.11.11"]

1. e4 e6 2. c4 c5 3. Nf3 Nc6 4. Nc3 Nge7 5. d4 cxd4 6. Nxd4 Nxd4 7. Qxd4 Nc6 8.
Qd1 Bc5 9. Be2 O-O 10. O-O b6 11. Bf4 e5 12. Be3 Nd4 13. a3 Bb7 14. Bg4 a5 15.
Qd3 Qh4 16. f3 g6 17. Kh1 f5 18. Bf2 Qh6 19. Be3 Qh4 20. Bf2 Qf6 21. Bh3 Bc6
22. Rae1 Rae8 23. Bg1 a4 24. g3 h5 25. Bg2 Rf7 26. Qd1 h4 27. g4 h3 28. Bxh3
Rh7 29. Bg2 Ra8 30. Ne2 Qh4 31. h3 fxg4 32. Nxd4 gxh3 33. Qd2 hxg2+ 34. Kxg2
Bxd4 0-1

[Event "Campeonato del mundo sub-18"]
[Site "Kemer TUR"]
[Date "2009.11.19"]
[Round "8.29"]
[White "Vastrukhin, Oleg"]
[Black "Plaskan, Jure"]
[Result "1-0"]
[WhiteElo "2312"]
[BlackElo "2197"]
[PlyCount "95"]
[EventDate "2009.11.11"]
[EventType "swiss"]
[EventRounds "11"]
[EventCountry "ESP"]
[Source "lmi"]
[SourceDate "2009.11.11"]

1. a3 g6 2. h4 Nf6 3. b3 Bg7 4. Bb2 d5 5. e3 c5 6. Nf3 Nc6 7. d4 cxd4 8. Nxd4
O-O 9. Nd2 Re8 10. N2f3 Bg4 11. Be2 Nxd4 12. Bxd4 Rc8 13. c4 dxc4 14. bxc4 Qa5+
15. Qd2 Qxd2+ 16. Nxd2 Bxe2 17. Kxe2 Nd7 18. Rab1 b6 19. Rhd1 e5 20. Bc3 Nc5
21. Bb4 e4 22. Bxc5 Rxc5 23. Rb5 Bf8 24. Rxc5 Bxc5 25. a4 Bb4 26. g4 Kg7 27.
Nb3 Bc3 28. c5 bxc5 29. Nxc5 Bb4 30. Na6 Ba5 31. Rd7 Bb6 32. Nc7 Rc8 33. Ne6+
Kf6 34. Ng5 Rc2+ 35. Ke1 Rc7 36. Nxe4+ Ke5 37. Rxc7 Bxc7 38. Ng5 f5 39. gxf5
Kxf5 40. Nxh7 Bd6 41. Ke2 Kg4 42. Nf6+ Kxh4 43. e4 g5 44. Kf3 Be7 45. e5 a5 46.
Nd5 Bc5 47. e6 g4+ 48. Kg2 1-0

[Event "Campeonato del mundo sub-18"]
[Site "Kemer TUR"]
[Date "2009.11.19"]
[Round "8.30"]
[White "Janev, Pavel"]
[Black "Yilmazyerli, Mert"]
[Result "0-1"]
[WhiteElo "1990"]
[BlackElo "2295"]
[PlyCount "58"]
[EventDate "2009.11.11"]
[EventType "swiss"]
[EventRounds "11"]
[EventCountry "ESP"]
[Source "lmi"]
[SourceDate "2009.11.11"]

1. e4 d5 2. exd5 Nf6 3. Nc3 Nxd5 4. Bc4 Nb6 5. Bb3 Nc6 6. Nf3 Bf5 7. Qe2 e6 8.
d4 Be7 9. Be3 O-O 10. O-O-O Nd5 11. g4 Bxg4 12. Rhg1 Bh5 13. Rg3 Bd6 14. Nxd5
Bxg3 15. hxg3 exd5 16. Rh1 Bg6 17. Nh4 Na5 18. Ba4 Nc4 19. Bf4 Qf6 20. c3 c6
21. Nxg6 fxg6 22. Bc2 Rae8 23. Qg4 Qe6 24. Qh4 h6 25. b3 g5 26. Bxg5 Rxf2 27.
Bd1 Qd6 28. b4 Qg6 29. g4 Qxg5+ 0-1

[Event "Campeonato del mundo sub-18"]
[Site "Kemer TUR"]
[Date "2009.11.19"]
[Round "8.31"]
[White "Karayev, Assylkhan"]
[Black "Sanchez, Maya Simon"]
[Result "1-0"]
[WhiteElo "2275"]
[BlackElo "2194"]
[PlyCount "61"]
[EventDate "2009.11.11"]
[EventType "swiss"]
[EventRounds "11"]
[EventCountry "ESP"]
[Source "lmi"]
[SourceDate "2009.11.11"]

1. e4 c5 2. Nf3 d6 3. Bb5+ Nd7 4. c3 Ngf6 5. Qe2 e6 6. d4 Qc7 7. O-O Be7 8.
Nbd2 O-O 9. Bd3 e5 10. dxe5 Nxe5 11. Nxe5 dxe5 12. Nc4 Be6 13. Ne3 Rad8 14. c4
Ne8 15. b3 g6 16. Bb2 Bf6 17. Rae1 Bg7 18. Nd5 Bxd5 19. exd5 f6 20. f4 exf4 21.
Bc1 g5 22. Qh5 Bh8 23. Bf5 Nd6 24. Be6+ Nf7 25. Rf3 Bg7 26. Rh3 h6 27. Qg6 Rfe8
28. Rxh6 Rxe6 29. dxe6 Ne5 30. Qh7+ Kf8 31. Rxf6+ 1-0

[Event "Campeonato del mundo sub-18"]
[Site "Kemer TUR"]
[Date "2009.11.19"]
[Round "8.32"]
[White "Mazur, Stefan"]
[Black "Ulkhanov, Azamat"]
[Result "1-0"]
[WhiteElo "2360"]
[BlackElo "2068"]
[PlyCount "45"]
[EventDate "2009.11.11"]
[EventType "swiss"]
[EventRounds "11"]
[EventCountry "ESP"]
[Source "lmi"]
[SourceDate "2009.11.11"]

1. e4 e5 2. Nf3 Nc6 3. Bb5 a6 4. Ba4 Nf6 5. O-O b5 6. Bb3 Be7 7. Re1 O-O 8. h3
d6 9. c3 Na5 10. Bc2 c5 11. d4 Qc7 12. Nbd2 Rd8 13. Nf1 exd4 14. cxd4 d5 15.
exd5 Nxd5 16. Bg5 Bxg5 17. Nxg5 h6 18. Qd3 g6 19. Ne4 c4 20. Qd2 Kg7 21. Ne3
Bb7 22. Ng4 Nf4 23. d5 1-0

[Event "Campeonato del mundo sub-18"]
[Site "Kemer TUR"]
[Date "2009.11.19"]
[Round "8.33"]
[White "Arenas, David"]
[Black "Margarido, Ricardo Emanuel Tor"]
[Result "1/2-1/2"]
[WhiteElo "2333"]
[BlackElo "1966"]
[PlyCount "64"]
[EventDate "2009.11.11"]
[EventType "swiss"]
[EventRounds "11"]
[EventCountry "ESP"]
[Source "lmi"]
[SourceDate "2009.11.11"]

1. e4 e5 2. Nf3 Nc6 3. Bb5 a6 4. Bxc6 dxc6 5. O-O Be7 6. Nc3 Bf6 7. h3 Ne7 8.
d4 Ng6 9. dxe5 Qxd1 10. Rxd1 Nxe5 11. Nxe5 Bxe5 12. Ne2 f6 13. Rb1 Be6 14. b3
Rd8 15. Bf4 Bxf4 16. Nxf4 Bf7 17. Nd3 Be6 18. e5 fxe5 19. Re1 O-O 20. Nxe5 Rd2
21. Nf3 Rd6 22. Kh2 Bd5 23. Re7 Bxf3 24. gxf3 Rxf3 25. Kg2 Rdf6 26. Rf1 Rf7 27.
Re8+ Rf8 28. Rxf8+ Rxf8 29. Rd1 Rf7 30. Rd8+ Rf8 31. Rd7 Rf7 32. Rd8+ Rf8
1/2-1/2

[Event "Campeonato del mundo sub-18"]
[Site "Kemer TUR"]
[Date "2009.11.19"]
[Round "8.34"]
[White "Hesham, Abdelrahman"]
[Black "Pourramezanali, Amirreza"]
[Result "0-1"]
[WhiteElo "2155"]
[BlackElo "2321"]
[PlyCount "98"]
[EventDate "2009.11.11"]
[EventType "swiss"]
[EventRounds "11"]
[EventCountry "ESP"]
[Source "lmi"]
[SourceDate "2009.11.11"]

1. d4 e6 2. c4 d5 3. Nf3 c6 4. Qc2 Nf6 5. Bg5 Nbd7 6. e3 Qa5+ 7. Nc3 dxc4 8.
Bxc4 b5 9. Bd3 Nd5 10. Qd2 Bb4 11. Rc1 h6 12. Bh4 O-O 13. O-O c5 14. Bxb5 Qxb5
15. Nxb5 Bxd2 16. Nxd2 Ba6 17. a4 cxd4 18. exd4 Rab8 19. Bg3 Bxb5 20. axb5 Rxb5
21. Bd6 Ra8 22. Ba3 Nf4 23. Rc7 Rd5 24. Nf3 Ne2+ 25. Kh1 Nxd4 26. Rd1 e5 27. g3
f6 28. Kg2 Nb6 29. Nh4 Kh7 30. Bc5 Rad8 31. Bxd4 exd4 32. Rxa7 d3 33. Rb7 Nc4
34. Nf3 Nd6 35. Rb4 f5 36. Nd4 d2 37. Ne6 Re8 38. Rd4 Rxd4 39. Nxd4 Nc4 40. Nf3
Rb8 41. Kf1 Rxb2 42. Ke2 Kg6 43. Nxd2 Kg5 44. h3 f4 45. Ke1 Nxd2 46. Rxd2 Rxd2
47. Kxd2 Kf5 48. Kd3 Ke5 49. h4 Kf5 0-1

[Event "Campeonato del mundo sub-18"]
[Site "Kemer TUR"]
[Date "2009.11.19"]
[Round "8.39"]
[White "Rasovic, Uros"]
[Black "Adair, James Robert"]
[Result "0-1"]
[WhiteElo "1914"]
[BlackElo "2188"]
[PlyCount "76"]
[EventDate "2009.11.11"]
[EventType "swiss"]
[EventRounds "11"]
[EventCountry "ESP"]
[Source "lmi"]
[SourceDate "2009.11.11"]

1. e4 c5 2. Nf3 d6 3. d4 cxd4 4. Qxd4 a6 5. Bc4 Nc6 6. Qd3 g6 7. Nc3 Bg7 8. Bg5
Nf6 9. O-O-O O-O 10. Qd2 b5 11. Bd3 Qa5 12. Kb1 Be6 13. Bxf6 exf6 14. Nd5 b4
15. Bc4 f5 16. exf5 Bxf5 17. Ne3 Ne5 18. Bd5 Nxf3 19. gxf3 Be6 20. Bxe6 Qe5 21.
Nc4 Qxe6 22. Qd5 Qf6 23. Qxd6 Qxf3 24. Qd5 Qxf2 25. Rhf1 Qa7 26. h4 Qe7 27. h5
Rad8 28. Nd6 Qe5 29. Qxe5 Bxe5 30. hxg6 Rxd6 31. gxh7+ Kxh7 32. Rxd6 Bxd6 33.
Rf6 Be5 34. Rxa6 f5 35. Ra5 f4 36. Rxe5 f3 37. Re1 f2 38. Rf1 Re8 0-1

[Event "Campeonato del mundo sub-18"]
[Site "Kemer TUR"]
[Date "2009.11.19"]
[Round "8.41"]
[White "Eiti, Bashir"]
[Black "Biryukov, Mikhail"]
[Result "1/2-1/2"]
[WhiteElo "1813"]
[BlackElo "2165"]
[PlyCount "74"]
[EventDate "2009.11.11"]
[EventType "swiss"]
[EventRounds "11"]
[EventCountry "ESP"]
[Source "lmi"]
[SourceDate "2009.11.11"]

1. Nf3 Nf6 2. d4 g6 3. Bf4 Bg7 4. c3 O-O 5. Nbd2 d6 6. Qc2 Nbd7 7. e4 Nh5 8.
Bg5 h6 9. Be3 e5 10. dxe5 Nxe5 11. Nxe5 dxe5 12. g3 b6 13. Bg2 Bb7 14. O-O Nf6
15. Rad1 Qe7 16. f3 Rad8 17. Rf2 Qd7 18. Bf1 Rfe8 19. Be2 Qe7 20. Nf1 Rxd1 21.
Bxd1 Rd8 22. Rd2 Rxd2 23. Qxd2 Qd7 24. Bb3 Qxd2 25. Nxd2 Ne8 26. Nc4 Kf8 27.
Kf2 Ke7 28. a4 f6 29. a5 Nd6 30. Nxd6 Kxd6 31. axb6 axb6 32. Bf7 g5 33. h4 Ke7
34. Bc4 Bf8 35. hxg5 hxg5 36. g4 Kd7 37. Ke2 Bc5 1/2-1/2

[Event "Campeonato del mundo sub-18"]
[Site "Kemer TUR"]
[Date "2009.11.19"]
[Round "8.43"]
[White "Celis, Joel Chang"]
[Black "Reimanis, Ritvars"]
[Result "0-1"]
[WhiteElo "1698"]
[BlackElo "2112"]
[PlyCount "128"]
[EventDate "2009.11.11"]
[EventType "swiss"]
[EventRounds "11"]
[EventCountry "ESP"]
[Source "lmi"]
[SourceDate "2009.11.11"]

1. Nf3 d5 2. b3 Bg4 3. e3 Nf6 4. Bb2 e6 5. Be2 Bd6 6. Ne5 Bxe2 7. Qxe2 Nc6 8.
f4 Bxe5 9. fxe5 Nd7 10. d4 O-O 11. O-O f6 12. exf6 Rxf6 13. Rxf6 Nxf6 14. Nd2
Qe8 15. c4 Ne7 16. e4 c6 17. exd5 exd5 18. Re1 Nf5 19. Qxe8+ Rxe8 20. Rxe8+
Nxe8 21. Kf2 Nf6 22. h3 Kf7 23. g4 Nd6 24. Ke3 Ke6 25. Kf4 Nfe4 26. Nxe4 Nxe4
27. Ke3 Kf6 28. h4 Nd6 29. Ba3 Ne8 30. Kf4 g6 31. Bc5 b6 32. Bf8 Nc7 33. Bd6
Ne6+ 34. Ke3 h5 35. Be5+ Ke7 36. gxh5 gxh5 37. cxd5 cxd5 38. a4 a6 39. Kd3 Kd7
40. Kc3 Nd8 41. Kd3 Nc6 42. Bf6 Ke6 43. Bg5 Kf5 44. Bd2 Kg4 45. Bg5 Kf3 46. Bf6
b5 47. axb5 axb5 48. Bg5 Kg4 49. Bf6 Kf4 50. Bg5+ Kf3 51. Bf6 b4 52. Bg5 Na5
53. Be7 Nxb3 54. Bxb4 Nc1+ 55. Kd2 Ne2 56. Kd3 Nf4+ 57. Kd2 Ng6 58. Kc3 Nxh4
59. Bd6 Nf5 60. Be5 h4 61. Kb4 Ke4 62. Kc3 h3 63. Kd2 Kf3 64. Kc3 Ng3 0-1

[Event "Campeonato del mundo sub-18"]
[Site "Kemer TUR"]
[Date "2009.11.19"]
[Round "8.46"]
[White "Mocanu, Sergiu"]
[Black "Sartori, C Sergio M"]
[Result "1-0"]
[WhiteElo "2169"]
[BlackElo "2021"]
[PlyCount "43"]
[EventDate "2009.11.11"]
[EventType "swiss"]
[EventRounds "11"]
[EventCountry "ESP"]
[Source "lmi"]
[SourceDate "2009.11.11"]

1. e4 e5 2. Nf3 Nc6 3. Bb5 Bc5 4. O-O Nd4 5. Bc4 d6 6. Nxd4 Bxd4 7. c3 Bb6 8.
d4 c6 9. dxe5 dxe5 10. Qf3 Qe7 11. Na3 Be6 12. Qg3 Bxc4 13. Nxc4 f6 14. Rd1 Bc7
15. b3 Kf7 16. Ba3 c5 17. Rd5 Bb6 18. Rad1 Kf8 19. Rd7 Rd8 20. Nxb6 Rxd7 21.
Nxd7+ Kf7 22. Nxc5 1-0

[Event "Campeonato del mundo sub-18"]
[Site "Kemer TUR"]
[Date "2009.11.19"]
[Round "8.47"]
[White "Yilmaz, Baler"]
[Black "Jefic, Srdan"]
[Result "1-0"]
[WhiteElo "1847"]
[BlackElo "2105"]
[PlyCount "79"]
[EventDate "2009.11.11"]
[EventType "swiss"]
[EventRounds "11"]
[EventCountry "ESP"]
[Source "lmi"]
[SourceDate "2009.11.11"]

1. d4 d5 2. c4 c6 3. Nc3 Nf6 4. Bg5 e6 5. e3 Nbd7 6. cxd5 exd5 7. Bd3 h6 8. Bh4
Bd6 9. Nge2 O-O 10. O-O Re8 11. Rb1 Nf8 12. b4 Bxh2+ 13. Kh1 Bc7 14. Qc2 Bg4
15. f3 Bh5 16. e4 g5 17. Bg3 dxe4 18. Nxe4 Nxe4 19. Bxc7 Qxc7 20. fxe4 Rad8 21.
Rf6 Rd6 22. Rxd6 Qxd6 23. e5 Qd7 24. Bf5 Qd8 25. Ng3 Bg6 26. Bxg6 Nxg6 27. Nf5
Kh7 28. Rf1 Qd5 29. Rf3 g4 30. Qd2 Nf4 31. Qxf4 Re6 32. Qxg4 Rg6 33. Qf4 Qxa2
34. Rg3 Qe2 35. Rxg6 Qd1+ 36. Kh2 Qh5+ 37. Nh4 fxg6 38. Qf7+ Kh8 39. Qf6+ Kh7
40. g4 1-0

[Event "Campeonato del mundo sub-18"]
[Site "Kemer TUR"]
[Date "2009.11.19"]
[Round "8.48"]
[White "Kristinsson, Bjarni J"]
[Black "Woods, Connor"]
[Result "1-0"]
[WhiteElo "2023"]
[BlackElo "1996"]
[PlyCount "79"]
[EventDate "2009.11.11"]
[EventType "swiss"]
[EventRounds "11"]
[EventCountry "ESP"]
[Source "lmi"]
[SourceDate "2009.11.11"]

1. e4 c5 2. Nf3 d6 3. d4 cxd4 4. Nxd4 Nf6 5. Nc3 g6 6. Be2 Bg7 7. O-O O-O 8.
Be3 Nc6 9. Nb3 Bd7 10. f4 Rc8 11. Kh1 a6 12. a4 Be6 13. Nd4 Nxd4 14. Bxd4 Qa5
15. Ra3 Bc4 16. Bxc4 Rxc4 17. Qd3 Rfc8 18. f5 Qd8 19. Rb3 Qd7 20. h3 Rxd4 21.
Qxd4 Nh5 22. Qd3 Be5 23. Rf3 e6 24. fxe6 fxe6 25. Kg1 Qe7 26. Ne2 Qc7 27. g4
Ng7 28. c3 h5 29. Kg2 Qe7 30. Kf1 hxg4 31. hxg4 Qh4 32. Rxb7 Qh1+ 33. Kf2 Qh4+
34. Kf1 Qh1+ 35. Kf2 Qh4+ 36. Ng3 Bxg3+ 37. Rxg3 Qh2+ 38. Ke1 Rf8 39. Qe3 Qc2
40. Rf3 1-0

[Event "Campeonato del mundo sub-18"]
[Site "Kemer TUR"]
[Date "2009.11.20"]
[Round "9.1"]
[White "Krejci, Jan"]
[Black "Salgado Lopez, Ivan"]
[Result "0-1"]
[WhiteElo "2458"]
[BlackElo "2562"]
[PlyCount "84"]
[EventDate "2009.11.11"]
[EventType "swiss"]
[EventRounds "11"]
[EventCountry "ESP"]
[Source "lmi"]
[SourceDate "2009.11.11"]

1. e4 c5 2. Nf3 e6 3. d4 cxd4 4. Nxd4 Nf6 5. Nc3 d6 6. g4 a6 7. g5 Nfd7 8. Be3
b5 9. a3 Bb7 10. Bg2 Nb6 11. Qe2 Nc4 12. Bc1 Qb6 13. Nb3 Nc6 14. h4 Be7 15. Nd2
N6e5 16. Nf3 Rc8 17. Be3 Qc7 18. Nd2 Na5 19. Rh3 Nac4 20. Nxc4 Nxc4 21. Bc1 h6
22. b3 Ne5 23. gxh6 gxh6 24. Bb2 Rg8 25. Rg3 Rxg3 26. fxg3 Bf6 27. O-O-O Qc5
28. Kb1 Ke7 29. Rf1 Rg8 30. Qe1 Bxh4 31. gxh4 Rxg2 32. Qc1 a5 33. Re1 h5 34.
Qd1 Bc6 35. Re2 Rg1 36. Re1 Nf3 37. Rxg1 Qxg1 38. Qxg1 Nxg1 39. Bc1 Nf3 40. Bf4
f6 41. Bg3 Nd2+ 42. Kc1 Nxe4 0-1

[Event "Campeonato del mundo sub-18"]
[Site "Kemer TUR"]
[Date "2009.11.20"]
[Round "9.2"]
[White "Piorun, Kacper"]
[Black "Adhiban, Baskaran"]
[Result "0-1"]
[WhiteElo "2475"]
[BlackElo "2486"]
[PlyCount "73"]
[EventDate "2009.11.11"]
[EventType "swiss"]
[EventRounds "11"]
[EventCountry "ESP"]
[Source "lmi"]
[SourceDate "2009.11.11"]

1. e4 c5 2. Nf3 d6 3. d4 cxd4 4. Nxd4 Nf6 5. Nc3 Nc6 6. Bg5 e6 7. Qd2 a6 8.
O-O-O Bd7 9. f4 Be7 10. Nf3 b5 11. Bxf6 gxf6 12. f5 Qb6 13. fxe6 fxe6 14. Kb1
O-O-O 15. g3 Kb8 16. Bh3 Bc8 17. Qe1 Rhe8 18. Ne2 Bf8 19. Rf1 Bh6 20. Qc3 Bg7
21. Nfd4 Bd7 22. Nxc6+ Bxc6 23. Nf4 Bxe4 24. Bxe6 Qc5 25. Qb3 f5 26. Bd5 Rc8
27. Bxe4 fxe4 28. Rd5 Qc6 29. a4 b4 30. Rf5 Qc4 31. Qxc4 Rxc4 32. Rf7 Be5 33.
Nd5 Rec8 34. Nb6 Rxc2 35. Nxc8 Rxb2+ 36. Kc1 b3 37. Rxh7 0-1

[Event "Campeonato del mundo sub-18"]
[Site "Kemer TUR"]
[Date "2009.11.20"]
[Round "9.3"]
[White "Matlakov, Maxim"]
[Black "Benidze, Davit"]
[Result "1-0"]
[WhiteElo "2575"]
[BlackElo "2450"]
[PlyCount "63"]
[EventDate "2009.11.11"]
[EventType "swiss"]
[EventRounds "11"]
[EventCountry "ESP"]
[Source "lmi"]
[SourceDate "2009.11.11"]

1. d4 Nf6 2. c4 e6 3. Nf3 b6 4. g3 Ba6 5. Qc2 Nc6 6. Bg2 Na5 7. Nbd2 c5 8. dxc5
bxc5 9. b3 Nc6 10. Bb2 Bb7 11. O-O Qc7 12. Ne4 Be7 13. Nxf6+ Bxf6 14. Bxf6 gxf6
15. Qc3 Ke7 16. Rad1 Rad8 17. Qe3 Ne5 18. Nxe5 Bxg2 19. Nxf7 Bxf1 20. Nxd8 Bxe2
21. Nxe6 Qe5 22. Qxe5 fxe5 23. Re1 Kxe6 24. Rxe2 a5 25. f4 d6 26. Kf2 h5 27.
Kf3 Kf5 28. Rd2 a4 29. bxa4 Ra8 30. Rxd6 Rxa4 31. Rd5 Ra3+ 32. Kg2 1-0

[Event "Campeonato del mundo sub-18"]
[Site "Kemer TUR"]
[Date "2009.11.20"]
[Round "9.4"]
[White "Yilmaz, Mustafa"]
[Black "Rasulov, Vugar Ural Oglu"]
[Result "1/2-1/2"]
[WhiteElo "2468"]
[BlackElo "2427"]
[PlyCount "139"]
[EventDate "2009.11.11"]
[EventType "swiss"]
[EventRounds "11"]
[EventCountry "ESP"]
[Source "lmi"]
[SourceDate "2009.11.11"]

1. e4 c5 2. Nf3 d6 3. d4 cxd4 4. Nxd4 Nf6 5. Nc3 a6 6. Bg5 Nbd7 7. Bc4 e6 8.
Bb3 Nc5 9. Qe2 Be7 10. f4 h6 11. Bxf6 Bxf6 12. O-O-O Qc7 13. Kb1 Bd7 14. Rhe1
O-O-O 15. Qe3 Kb8 16. Re2 Bc8 17. Red2 Rhe8 18. Nf3 Bxc3 19. bxc3 f5 20. e5 Ne4
21. exd6 Rxd6 22. Rxd6 Nxd6 23. h4 Ne4 24. Kb2 Rd8 25. Rd4 Rd6 26. Ne5 b5 27.
Qd3 Nc5 28. Rxd6 Nxd3+ 29. Rxd3 g5 30. hxg5 hxg5 31. g3 g4 32. a3 Kb7 33. Rd4
Qe7 34. a4 Kc7 35. axb5 axb5 36. Ng6 Qh7 37. Ne5 Qh2 38. Rd3 Qf2 39. Ka3 Bb7
40. Kb4 Bc6 41. Bxe6 Qxc2 42. Bb3 Qe2 43. c4 bxc4 44. Bxc4 Qe1+ 45. Rc3 Be4 46.
Bd3+ Kd6 47. Bxe4 Qxe4+ 48. Kb3 Qb7+ 49. Kc2 Kd5 50. Nc4 Kd4 51. Nd2 Qa6 52.
Rb3 Qc6+ 53. Kd1 Qc5 54. Ke2 Qc2 55. Rb4+ Kc5 56. Rb3 Qc1 57. Re3 Qg1 58. Rc3+
Kb4 59. Rb3+ Ka4 60. Rd3 Qg2+ 61. Kd1 Kb4 62. Kc2 Qe2 63. Rc3 Qa6 64. Rb3+ Kc5
65. Rd3 Qa4+ 66. Kc1 Qe8 67. Kd1 Qe6 68. Kc1 Qe1+ 69. Kc2 Qe2 70. Kc3 1/2-1/2

[Event "Campeonato del mundo sub-18"]
[Site "Kemer TUR"]
[Date "2009.11.20"]
[Round "9.5"]
[White "Rozum, Ivan"]
[Black "Nabaty, Tamir"]
[Result "1-0"]
[WhiteElo "2458"]
[BlackElo "2508"]
[PlyCount "57"]
[EventDate "2009.11.11"]
[EventType "swiss"]
[EventRounds "11"]
[EventCountry "ESP"]
[Source "lmi"]
[SourceDate "2009.11.11"]

1. d4 d5 2. Nf3 c6 3. c4 dxc4 4. e3 Be6 5. Nbd2 Qa5 6. Be2 Nf6 7. O-O b5 8. a4
g6 9. Ng5 Bd5 10. e4 Bh6 11. exd5 Bxg5 12. dxc6 Nxc6 13. Nb3 cxb3 14. Bxb5 O-O
15. Bxg5 Qb6 16. d5 Na5 17. Be3 Qd6 18. Qd2 a6 19. Be2 Qxd5 20. Bf3 Qxd2 21.
Bxd2 Nc4 22. Bxa8 Rxa8 23. Bg5 Rb8 24. Rab1 Ne4 25. Rfc1 Rb4 26. Bxe7 Rxa4 27.
f3 Ned2 28. Ra1 Nxb2 29. Bf6 1-0

[Event "Campeonato del mundo sub-18"]
[Site "Kemer TUR"]
[Date "2009.11.20"]
[Round "9.6"]
[White "Bogner, Sebastian"]
[Black "Salem, A.R.Saleh"]
[Result "0-1"]
[WhiteElo "2504"]
[BlackElo "2472"]
[PlyCount "84"]
[EventDate "2009.11.11"]
[EventType "swiss"]
[EventRounds "11"]
[EventCountry "ESP"]
[Source "lmi"]
[SourceDate "2009.11.11"]

1. d4 Nf6 2. c4 g6 3. Nc3 d5 4. Bg5 Ne4 5. Bh4 Nxc3 6. bxc3 dxc4 7. e3 Be6 8.
Nf3 Bg7 9. Qb1 b6 10. Be2 O-O 11. O-O c5 12. Rd1 Qc7 13. a4 Bd5 14. a5 cxd4 15.
Nxd4 Qb7 16. axb6 axb6 17. Rxa8 Qxa8 18. f3 Qa3 19. Nb5 Qc5 20. Bf2 Bc6 21. Nd4
Ba4 22. Rd2 Bh6 23. Ra2 Bb3 24. Rb2 Nc6 25. Nxb3 cxb3 26. Rxb3 Bxe3 27. Bxe3
Qxe3+ 28. Kf1 Ra8 29. Qb2 Rd8 30. c4 Rd2 31. Rxe3 Rxb2 32. Rd3 e5 33. Rd5 Kf8
34. Bd1 Rb4 35. c5 Rb5 36. Ba4 Rb1+ 37. Kf2 b5 38. Rd6 Rb2+ 39. Kg3 Nd4 40. Rb6
Ne2+ 41. Kh4 Rb4+ 42. Kg5 Kg7 0-1

[Event "Campeonato del mundo sub-18"]
[Site "Kemer TUR"]
[Date "2009.11.20"]
[Round "9.7"]
[White "Arslanov, Shamil"]
[Black "Shukh, Nikolay"]
[Result "1-0"]
[WhiteElo "2379"]
[BlackElo "2438"]
[PlyCount "113"]
[EventDate "2009.11.11"]
[EventType "swiss"]
[EventRounds "11"]
[EventCountry "ESP"]
[Source "lmi"]
[SourceDate "2009.11.11"]

1. e4 c5 2. Nf3 g6 3. d4 cxd4 4. Nxd4 Bg7 5. Nc3 Nc6 6. Be3 Nf6 7. Bc4 d6 8. f3
O-O 9. Qd2 Nd7 10. h4 Nb6 11. Bb3 Na5 12. Qd3 Nxb3 13. axb3 d5 14. Nde2 e6 15.
O-O-O Bd7 16. exd5 exd5 17. Bd4 Bh6+ 18. Kb1 Bf5 19. Qb5 Bd7 20. Qd3 Bf5 21.
Qb5 Bd7 22. Qa5 Re8 23. h5 Bg7 24. hxg6 hxg6 25. Nxd5 Nxd5 26. Qxd5 Bf5 27. Nc3
Qxd5 28. Nxd5 Bxd4 29. Rxd4 Re5 30. g4 Be6 31. Nf6+ Kg7 32. f4 Kxf6 33. fxe5+
Kxe5 34. Rb4 b6 35. Re1+ Kf6 36. Rd4 Kg5 37. Re5+ Kh4 38. g5+ Kh5 39. Rd2 Kg4
40. Rg2+ Kf4 41. Re1 Rc8 42. Rf1+ Ke5 43. Re2+ Kd6 44. Rd1+ Ke7 45. c4 Rc6 46.
Kc2 f6 47. gxf6+ Kxf6 48. Kc3 g5 49. Rf2+ Kg6 50. Rfd2 Kf7 51. Rd6 Rc8 52. Re1
Re8 53. b4 g4 54. Re3 Bf5 55. Rxe8 Kxe8 56. Rf6 Bb1 57. Rf4 1-0

[Event "Campeonato del mundo sub-18"]
[Site "Kemer TUR"]
[Date "2009.11.20"]
[Round "9.8"]
[White "Darini, Pouria"]
[Black "Martinovic, Sasa"]
[Result "0-1"]
[WhiteElo "2366"]
[BlackElo "2483"]
[PlyCount "78"]
[EventDate "2009.11.11"]
[EventType "swiss"]
[EventRounds "11"]
[EventCountry "ESP"]
[Source "lmi"]
[SourceDate "2009.11.11"]

1. Nf3 Nf6 2. c4 g6 3. g3 d5 4. Bg2 dxc4 5. Qa4+ Nfd7 6. Qxc4 Bg7 7. O-O O-O 8.
d3 Nc6 9. Nc3 Nb6 10. Qh4 e5 11. Qxd8 Rxd8 12. Nb5 Nd5 13. Bg5 f6 14. Bd2 a6
15. Nc3 Nxc3 16. bxc3 Be6 17. Be3 Ne7 18. Rfb1 b6 19. a4 Rab8 20. c4 e4 21.
dxe4 Bxc4 22. Bf4 Rbc8 23. Rc1 f5 24. Ne5 Bxe2 25. exf5 Nxf5 26. Ra2 Rd1+ 27.
Rxd1 Bxd1 28. Bd5+ Kf8 29. Bb7 Re8 30. Nd7+ Kg8 31. Bxa6 Bf3 32. Bf1 Bg4 33.
Kg2 Nd4 34. Bc4+ Kh8 35. Bxc7 Bxd7 36. Bxb6 Bc6+ 37. Kh3 Nf3 38. Bb5 Ng1+ 39.
Kg4 Bf3+ 0-1

[Event "Campeonato del mundo sub-18"]
[Site "Kemer TUR"]
[Date "2009.11.20"]
[Round "9.9"]
[White "Lovik, Lasse Ostebo"]
[Black "Ter-Sahakyan, Samvel"]
[Result "1/2-1/2"]
[WhiteElo "2379"]
[BlackElo "2512"]
[PlyCount "55"]
[EventDate "2009.11.11"]
[EventType "swiss"]
[EventRounds "11"]
[EventCountry "ESP"]
[Source "lmi"]
[SourceDate "2009.11.11"]

1. d4 d5 2. c4 e6 3. Nf3 Nf6 4. e3 c6 5. b3 Bd6 6. Bb2 O-O 7. Bd3 Ne4 8. O-O
Nd7 9. Qc1 Qe7 10. Ba3 c5 11. Nc3 Nxc3 12. Qxc3 b6 13. e4 dxc4 14. Bxc4 cxd4
15. Bxd6 Qxd6 16. Qxd4 Qxd4 17. Nxd4 Ne5 18. Be2 Bb7 19. f3 a6 20. Rac1 Rac8
21. Kf2 Rfd8 22. Ke3 Kf8 23. Rfd1 Ke7 24. g3 Nd7 25. Bf1 g6 26. b4 h6 27. Be2
e5 28. Nb3 1/2-1/2

[Event "Campeonato del mundo sub-18"]
[Site "Kemer TUR"]
[Date "2009.11.20"]
[Round "9.10"]
[White "Chirila, Ioan-Cristian"]
[Black "Pavlidis, Antonios"]
[Result "1/2-1/2"]
[WhiteElo "2510"]
[BlackElo "2364"]
[PlyCount "30"]
[EventDate "2009.11.11"]
[EventType "swiss"]
[EventRounds "11"]
[EventCountry "ESP"]
[Source "lmi"]
[SourceDate "2009.11.11"]

1. e4 e5 2. Nf3 Nc6 3. Bb5 a6 4. Ba4 d6 5. O-O Bg4 6. c3 Qf6 7. d3 Nge7 8. Be3
O-O-O 9. Nbd2 Qg6 10. d4 f5 11. exf5 Bxf5 12. Bxc6 bxc6 13. Qa4 e4 14. Qxa6+
Kd7 15. Ne1 d5 1/2-1/2